000
00339nam a22001457a 4500
003
OSt
008
250507b |||||||| |||| 00| 0 eng d
100
_a
SARASWATI, Mehrsee Dayanand
245
_a
Aroyodeshratanmala
250
_a
21th
260
_a
New Delhi
_b
Arya Prakashan
_c
2021
300
_a
16
650
_a
General
942
_2
ddc
_c
BK
999
_c
13557
_d
13557